<?xml version="1.0" encoding="UTF-8"?><?xml-stylesheet type="text/xsl" href="static/style.xsl"?><OAI-PMH xmlns="http://www.openarchives.org/OAI/2.0/" xmlns:xsi="http://www.w3.org/2001/XMLSchema-instance" xsi:schemaLocation="http://www.openarchives.org/OAI/2.0/ http://www.openarchives.org/OAI/2.0/OAI-PMH.xsd"><responseDate>2026-04-29T08:20:01Z</responseDate><request verb="GetRecord" identifier="oai:riubu.ubu.es:10259/10466" metadataPrefix="marc">https://riubu.ubu.es/oai/request</request><GetRecord><record><header><identifier>oai:riubu.ubu.es:10259/10466</identifier><datestamp>2025-05-14T00:05:23Z</datestamp><setSpec>com_10259_9409</setSpec><setSpec>com_10259_5087</setSpec><setSpec>com_10259_2728</setSpec><setSpec>col_10259_9410</setSpec></header><metadata><record xmlns="http://www.loc.gov/MARC21/slim" xmlns:doc="http://www.lyncode.com/xoai" xmlns:xsi="http://www.w3.org/2001/XMLSchema-instance" xmlns:dcterms="http://purl.org/dc/terms/" xsi:schemaLocation="http://www.loc.gov/MARC21/slim http://www.loc.gov/standards/marcxml/schema/MARC21slim.xsd">
<leader>00925njm 22002777a 4500</leader>
<datafield tag="042" ind1=" " ind2=" ">
<subfield code="a">dc</subfield>
</datafield>
<datafield tag="720" ind1=" " ind2=" ">
<subfield code="a">Santos Secanell, Sergi</subfield>
<subfield code="e">author</subfield>
</datafield>
<datafield tag="520" ind1=" " ind2=" ">
<subfield code="a">El monasterio de Vallbona de les Monges ha sido desde su incorporación al Cister en 1175&#xd;
el cenobio femenino más importante de Cataluña, recibiendo privilegios que le permitieron&#xd;
erigirse como un centro eclesiástico independiente, siendo filial directa de Citeaux.&#xd;
No obstante, con el paso de las centurias y, especialmente a partir del siglo XVI con el&#xd;
Concilio de Trento hasta el siglo XXI, acontecerán numerosas dificultades donde bajo el&#xd;
báculo de la abadesa las monjas han logrado una “adaptabilidad” al contexto histórico que&#xd;
han prolongado la subsistencia de la vida monacal así como la buena conservación&#xd;
patrimonial hasta nuestros días.</subfield>
</datafield>
<datafield tag="520" ind1=" " ind2=" ">
<subfield code="a">Since 1175 when it became a membership of the Cister, the Vallbona de les Monges&#xd;
monastery has been the Catalonia´s most important female abbay, receiving privileges that&#xd;
allowed it to become as an independent catholic institution being a direct affiliated of&#xd;
Citeaux.&#xd;
However, through the centuries, and especially between the Trento Concilium in the XVI&#xd;
century and the XXI century, the monastery had to face many difficulties, but under the&#xd;
command of the abess, who knew how to adapt the monastic life of the nuns to the&#xd;
historical context, achieved to prolong its activity and allowed to keep the heritage in&#xd;
optimal condition.</subfield>
</datafield>
<datafield tag="024" ind2=" " ind1="8">
<subfield code="a">http://hdl.handle.net/10259/10466</subfield>
</datafield>
<datafield ind1=" " ind2=" " tag="653">
<subfield code="a">Vallbona</subfield>
</datafield>
<datafield ind1=" " ind2=" " tag="653">
<subfield code="a">Cister</subfield>
</datafield>
<datafield ind1=" " ind2=" " tag="653">
<subfield code="a">Monasterio</subfield>
</datafield>
<datafield ind1=" " ind2=" " tag="653">
<subfield code="a">Patrimonio</subfield>
</datafield>
<datafield ind1=" " ind2=" " tag="653">
<subfield code="a">Catalanismo</subfield>
</datafield>
<datafield ind1=" " ind2=" " tag="653">
<subfield code="a">Cimborrio</subfield>
</datafield>
<datafield ind1=" " ind2=" " tag="653">
<subfield code="a">Hospedería</subfield>
</datafield>
<datafield ind1=" " ind2=" " tag="653">
<subfield code="a">Monacato</subfield>
</datafield>
<datafield ind1=" " ind2=" " tag="653">
<subfield code="a">Monastery</subfield>
</datafield>
<datafield ind1=" " ind2=" " tag="653">
<subfield code="a">Heritage</subfield>
</datafield>
<datafield ind1=" " ind2=" " tag="653">
<subfield code="a">Catalanism</subfield>
</datafield>
<datafield ind1=" " ind2=" " tag="653">
<subfield code="a">Dome</subfield>
</datafield>
<datafield ind1=" " ind2=" " tag="653">
<subfield code="a">Lodging</subfield>
</datafield>
<datafield ind1=" " ind2=" " tag="653">
<subfield code="a">Monasticim</subfield>
</datafield>
<datafield tag="245" ind1="0" ind2="0">
<subfield code="a">El cenobio femenino de Vallbona de Les Monges, una adaptación histórica: del eremitismo a la conversión ecológica</subfield>
</datafield>
</record></metadata></record></GetRecord></OAI-PMH>